Communicating in the 21st century / (Record no. 2921)

000 -LEADER
fixed length control field 01422pam a22003737a 4500
001 - CONTROL NUMBER
control field 15163150
003 - CONTROL NUMBER IDENTIFIER
control field OSt
005 - DATE AND TIME OF LATEST TRANSACTION
control field 20160824102114.0
008 - FIXED-LENGTH DATA ELEMENTS--GENERAL INFORMATION
fixed length control field 080131s2008 at a b 001 0 eng
010 ## - LIBRARY OF CONGRESS CONTROL NUMBER
LC control number 2008360398
020 ## - INTERNATIONAL STANDARD BOOK NUMBER
International Standard Book Number 97804708115400699580 (pbk.)
037 ## - SOURCE OF ACQUISITION
Source of stock number/acquisition John Wiley & Sons Australia, PO Box 1226, Milton QLD 4064
040 ## - CATALOGING SOURCE
Original cataloging agency ANL
Language of cataloging eng
Transcribing agency DLC
Modifying agency ANL
-- DLC
042 ## - AUTHENTICATION CODE
Authentication code lccopycat
043 ## - GEOGRAPHIC AREA CODE
Geographic area code u-at---
050 00 - LIBRARY OF CONGRESS CALL NUMBER
Classification number HM1206.E967 2006
082 04 - DEWEY DECIMAL CLASSIFICATION NUMBER
Classification number 302.2
Edition number 22
082 04 - DEWEY DECIMAL CLASSIFICATION NUMBER
Classification number 302.20994
Edition number 22
100 1# - MAIN ENTRY--PERSONAL NAME
Personal name Eunson, Baden.
245 10 - TITLE STATEMENT
Title Communicating in the 21st century /
Statement of responsibility, etc Baden Eunson.
260 ## - PUBLICATION, DISTRIBUTION, ETC. (IMPRINT)
Place of publication, distribution, etc Milton, Qld. :
Name of publisher, distributor, etc John Wiley & Sons, Australia,
Date of publication, distribution, etc 2006.
300 ## - PHYSICAL DESCRIPTION
Extent xxx, 803 p. :
Other physical details col. ill ;
Dimensions 26 cm.
500 ## - GENERAL NOTE
General note Previous ed.: 2005.
504 ## - BIBLIOGRAPHY, ETC. NOTE
Bibliography, etc Includes bibliographical references (p. 802-803) and index.
520 ## - SUMMARY, ETC.
Summary, etc " Second edition, a comprehensive and referenced coverage in the field of communication in Australia." -- back cover.
650 #0 - SUBJECT ADDED ENTRY--TOPICAL TERM
Topical term or geographic name as entry element Communication
General subdivision Social aspects
Geographic subdivision Australia.
650 #0 - SUBJECT ADDED ENTRY--TOPICAL TERM
Topical term or geographic name as entry element Communication
General subdivision Research
Geographic subdivision Australia.
650 #0 - SUBJECT ADDED ENTRY--TOPICAL TERM
Topical term or geographic name as entry element Business communication
Geographic subdivision Australia.
650 #0 - SUBJECT ADDED ENTRY--TOPICAL TERM
Topical term or geographic name as entry element Knowledge management
Geographic subdivision Australia.
650 #0 - SUBJECT ADDED ENTRY--TOPICAL TERM
Topical term or geographic name as entry element Communication in personnel management
Geographic subdivision Australia.
906 ## - LOCAL DATA ELEMENT F, LDF (RLIN)
a 7
b cbc
c copycat
d 2
e ncip
f 20
g y-gencatlg
942 ## - ADDED ENTRY ELEMENTS (KOHA)
Source of classification or shelving scheme
Koha item type Book
Holdings
Withdrawn status Lost status Source of classification or shelving scheme Damaged status Not for loan Home library Current library Shelving location Date acquired Total Checkouts Full call number Barcode Date last seen Copy number Price effective from Koha item type
          Riara University Library Riara University Library General stack 24/08/2016   HM1206.E967 2006 7981/16 24/08/2016 C.1 24/08/2016 Book

Riara University Library,
P.O. Box 49940-00100,
Nairobi, Kenya.